| 000 | 00595nam a2200181Ia 4500 | ||
|---|---|---|---|
| 008 | 170510s9999 xx 000 0 und d | ||
| 100 | _aLuciano, Eva C. | ||
| 245 | _aTransitions in romantic relationships and development of self-esteem. | ||
| 245 | _cLuciano, Eva C.; Orth, Ulrich | ||
| 260 | _bAmerican Psychological Association | ||
| 260 | _c2017 | ||
| 300 | _apages 307-328,February | ||
| 440 |
_aJournal of Personality and Social Psychology _v112:2 |
||
| 650 | _aLife transition | ||
| 650 | _aLongitudinal | ||
| 650 | _aPropensity score matching | ||
| 650 | _aRomantic relationships | ||
| 999 |
_c329878 _d329878 |
||